[Event "Barnaul Altay-ch"]
[Site "Barnaul"]
[Date "2014.10.18"]
[Round "8"]
[White "Agafonov, Alexey"]
[Black "Dibrov, Ilya"]
[Result "1/2-1/2"]
[WhiteElo "2140"]
[BlackElo "2274"]
[PlyCount "92"]
[EventDate "2014.10.11"]
[EventType "swiss"]
[EventRounds "9"]
[EventCountry "RUS"]
[SourceTitle "EXT 2015"]
[Source "ChessBase"]
[SourceDate "2014.11.20"]
[SourceVersion "1"]
[SourceVersionDate "2014.11.20"]
[SourceQuality "1"]

1. d4 d5 2. c4 e6 3. Nf3 Nf6 4. g3 c6 5. Qc2 a5 6. Bg2 Nbd7 7. 0-0 Bd6 8. Nbd2 0-0 9. e4 dxe4 10. Nxe4 Nxe4 11. Qxe4 c5 12. Be3 Qe7 13. Rad1 Rb8 14. dxc5 Nxc5 15. Qc2 Bc7 16. Rfe1 Rd8 17. Rxd8+ Bxd8 18. Rd1 Bb6 19. a3 Bd7 20. b4 Ba4 21. Bxc5 Bxc2 22. Bxe7 Bxd1 23. Bd6 Rc8 24. Nd2 Bc7 25. Bxb7 Bxd6 26. Bxc8 axb4 27. axb4 Bxb4 28. Nf1 Bf3 29. Ne3 Kf8 30. Bd7 Ke7 31. Ba4 Kd6 32. Kf1 Bd2 33. Bd1 Bb7 34. Ke2 Ba5 35. Kd3 f5 36. f3 g6 37. f4 Bc6 38. c5+ Kxc5 39. Nc2 Be4+ 40. Ke3 Kc4 41. Na3+ Kb4 42. Nc2+ Kc3 43. Ne1 Bb6+ 44. Ke2 Bd5 45. Nf3 Bd8 46. Ba4 Bxf3+ 1/2-1/2

[Event "Barnaul Altay-ch"]
[Site "Barnaul"]
[Date "2014.10.17"]
[Round "7"]
[White "Boiarintsev, Vitaly"]
[Black "Agafonov, Alexey"]
[Result "0-1"]
[WhiteElo "2285"]
[BlackElo "2140"]
[PlyCount "88"]
[EventDate "2014.10.11"]
[EventType "swiss"]
[EventRounds "9"]
[EventCountry "RUS"]
[SourceTitle "EXT 2015"]
[Source "ChessBase"]
[SourceDate "2014.11.20"]
[SourceVersion "1"]
[SourceVersionDate "2014.11.20"]
[SourceQuality "1"]

1. e4 c5 2. Nf3 d6 3. d4 cxd4 4. Qxd4 a6 5. Bc4 Nc6 6. Qd3 Nf6 7. Nc3 g6 8. Bg5 Bg7 9. 0-0-0 0-0 10. e5 Ng4 11. exd6 Nxf2 12. Qe3 Nxd1 13. Rxd1 Re8 14. dxe7 Qa5 15. Nd5 Be6 16. g4 Bxd5 17. Bxd5 Qb4 18. c3 Qxg4 19. Qc5 Qf5 20. Qd6 Ne5 21. Bxb7 Nxf3 22. Be3 Rac8 23. Bxc8 Qxc8 24. Qb6 Qe6 25. Bc5 Qxb6 26. Bxb6 Bh6+ 27. Kc2 Rxe7 28. c4 Re2+ 29. Kb3 Nd2+ 30. Kb4 Ne4 31. Rd8+ Bf8+ 32. Kb3 Kg7 33. Bd4+ f6 34. Rc8 Rxh2 35. c5 Rd2 36. Rc7+ Kg8 37. Kc4 Bxc5 38. Bxc5 Nxc5 39. Kxc5 Rxb2 40. Kd6 Rxa2 41. Ke6 Rf2 42. Ra7 h5 43. Rxa6 h4 44. Ra8+ Kg7 0-1

[Event "Barnaul Altay-ch"]
[Site "Barnaul"]
[Date "2014.10.16"]
[Round "6"]
[White "Agafonov, Alexey"]
[Black "Kardashevskiy, Evgeny"]
[Result "1/2-1/2"]
[WhiteElo "2140"]
[BlackElo "2164"]
[PlyCount "38"]
[EventDate "2014.10.11"]
[EventType "swiss"]
[EventRounds "9"]
[EventCountry "RUS"]
[SourceTitle "EXT 2015"]
[Source "ChessBase"]
[SourceDate "2014.11.20"]
[SourceVersion "1"]
[SourceVersionDate "2014.11.20"]
[SourceQuality "1"]

1. Nf3 Nf6 2. g3 g6 3. Bg2 Bg7 4. 0-0 0-0 5. c4 d5 6. cxd5 Nxd5 7. d4 Nc6 8. e4 Nb6 9. d5 Na5 10. Qc2 c6 11. dxc6 Nxc6 12. Rd1 Qe8 13. Nc3 Bg4 14. Nd5 Nxd5 15. exd5 Ne5 16. Qb3 Nxf3+ 17. Bxf3 Bxf3 18. Qxf3 Qd7 19. Qb3 Rac8 1/2-1/2

[Event "Nezhmetdinov Memorial 32nd"]
[Site "Kazan"]
[Date "2010.06.06"]
[Round "7"]
[White "Volkov, Ilya2222"]
[Black "Agafonov, Alexey"]
[Result "1-0"]
[WhiteElo "1919"]
[BlackElo "2140"]
[PlyCount "81"]
[EventDate "2010.05.31"]
[EventType "swiss"]
[EventRounds "9"]
[EventCountry "RUS"]
[SourceTitle "CBM 136 Extra"]
[Source "ChessBase"]
[SourceDate "2010.07.02"]
[SourceVersion "2"]
[SourceVersionDate "2010.07.15"]
[SourceQuality "1"]

1. d4 d5 2. c4 Nc6 3. Nf3 e5 4. dxe5 d4 5. g3 Bg4 6. Bg2 Qe7 7. Bg5 Qb4+ 8. Nbd2 h6 9. Bf4 Bxf3 10. a3 Qb6 11. Nxf3 g5 12. Bc1 g4 13. Nh4 Nxe5 14. Qc2 Be7 15. Nf5 0-0-0 16. Nxe7+ Nxe7 17. 0-0 f6 18. b4 h5 19. c5 Qe6 20. b5 h4 21. Qe4 Rd5 22. b6 a6 23. bxc7 f5 24. Qc2 d3 25. Qb2 dxe2 26. Qxe2 hxg3 27. hxg3 N7c6 28. Bb2 Rxc5 29. Rac1 Qd6 30. Rxc5 Qxc5 31. Rc1 Nd4 32. Rxc5 Nxe2+ 33. Kf1 Nd3 34. Bxh8 Nxg3+ 35. fxg3 Nxc5 36. Be5 Ne6 37. Bd5 Nc5 38. Bd6 b6 39. Bxc5 bxc5 40. Be6+ Kxc7 41. Bxf5 1-0

[Event "Nezhmetdinov Memorial 32nd"]
[Site "Kazan"]
[Date "2010.06.02"]
[Round "3"]
[White "Agafonov, Alexey"]
[Black "Pridorozhni, Aleksei"]
[Result "0-1"]
[WhiteElo "2140"]
[BlackElo "2554"]
[PlyCount "108"]
[EventDate "2010.05.31"]
[EventType "swiss"]
[EventRounds "9"]
[EventCountry "RUS"]
[SourceTitle "CBM 136 Extra"]
[Source "ChessBase"]
[SourceDate "2010.07.02"]
[SourceVersion "2"]
[SourceVersionDate "2010.07.15"]
[SourceQuality "1"]

1. d4 d6 2. e4 Nf6 3. Nc3 Nbd7 4. Nf3 e5 5. dxe5 dxe5 6. Bc4 Bb4 7. 0-0 c6 8. Bg5 0-0 9. Ne2 h6 10. Bh4 Be7 11. Bg3 Nxe4 12. Bxe5 Nxe5 13. Nxe5 Nd2 14. Re1 Nxc4 15. Nxc4 Bf6 16. Nc3 Be6 17. Nd6 Bxc3 18. bxc3 Qc7 19. Ne4 Rad8 20. Qh5 Rd5 21. Qh4 Rfd8 22. h3 Bf5 23. g4 Bg6 24. Re3 Rd1+ 25. Rxd1 Rxd1+ 26. Kg2 Qe5 27. g5 hxg5 28. Nxg5 Qd5+ 29. Nf3 f6 30. c4 Qf7 31. Qg4 Rd8 32. Nd4 c5 33. Ne6 Re8 34. Nxc5 Rxe3 35. fxe3 Bxc2 36. Qe6 Qxe6 37. Nxe6 Bb1 38. Nd8 Bxa2 39. Nxb7 Bxc4 40. e4 Kh7 41. Kg3 Kh6 42. Kf4 Be6 43. h4 Kh5 44. e5 fxe5+ 45. Kxe5 Bc8 46. Nc5 Kxh4 47. Ne4 a5 48. Kd4 Bf5 49. Nd6 Be6 50. Kc5 g5 51. Kb5 g4 52. Ne4 Bf5 53. Nd2 Kg3 54. Nb3 Kf2 0-1

[Event "Berdsk Maestro op 15th"]
[Site "Berdsk"]
[Date "2009.07.12"]
[Round "5"]
[White "Agafonov, Alexey"]
[Black "Noskov, Dmitriy"]
[Result "1-0"]
[WhiteElo "2148"]
[BlackElo "1961"]
[PlyCount "49"]
[EventDate "2009.07.08"]
[EventType "swiss"]
[EventRounds "9"]
[EventCountry "RUS"]
[SourceTitle "EXT 2022"]
[Source "ChessBase"]
[SourceDate "2021.10.06"]
[SourceVersion "1"]
[SourceVersionDate "2021.10.06"]
[SourceQuality "1"]

1. d4 d5 2. c4 e6 3. Nf3 Nf6 4. g3 c6 5. Bg2 Bd6 6. b3 0-0 7. 0-0 Nbd7 8. Bb2 Re8 9. Ne5 Qc7 10. f4 c5 11. e3 b6 12. Nd2 Ba6 13. Rc1 Rac8 14. g4 Nf8 15. Re1 Qb8 16. g5 N6d7 17. cxd5 exd5 18. Bxd5 Bxe5 19. dxe5 Rcd8 20. Ne4 Ng6 21. Nd6 Re7 22. Nxf7 Rxf7 23. e6 Rff8 24. e7+ Kh8 25. exf8Q+ 1-0

[Event "Berdsk Maestro op 14th"]
[Site "Berdsk"]
[Date "2008.07.08"]
[Round "1"]
[White "Mogila, Vladimir"]
[Black "Agafonov, Alexey"]
[Result "1-0"]
[WhiteElo "2085"]
[BlackElo "2149"]
[PlyCount "86"]
[EventDate "2008.07.08"]
[EventType "swiss"]
[EventRounds "9"]
[EventCountry "RUS"]
[SourceTitle "CBM 125 Extra"]
[Source "ChessBase"]
[SourceDate "2008.09.01"]
[SourceVersion "1"]
[SourceVersionDate "2008.09.01"]
[SourceQuality "1"]

1. d4 Nf6 2. g3 c5 3. dxc5 Na6 4. Bg2 Nxc5 5. c4 g6 6. b4 Na6 7. a3 d6 8. Bb2 Bg7 9. Nc3 0-0 10. Rc1 Rb8 11. Nb5 Bd7 12. Nxa7 Qe8 13. Qd3 Nc7 14. Bd4 Ne6 15. Bb6 Ba4 16. Nf3 Ra8 17. Nd4 Nd7 18. Nxe6 fxe6 19. c5 Ne5 20. Qe3 Qb8 21. 0-0 Rxa7 22. cxd6 Ra6 23. Bc7 Qa7 24. dxe7 Re8 25. Qf4 Nf7 26. Bd8 Be5 27. Qh4 Qb8 28. b5 Bxb5 29. Rc5 Bc6 30. Rfc1 Qd6 31. Qc4 Nxd8 32. exd8Q Rxd8 33. Bxc6 Rxc6 34. Rxc6 bxc6 35. Qxc6 Qxc6 36. Rxc6 Kf7 37. Ra6 Rd7 38. Kg2 Bd4 39. Ra8 Ra7 40. Rxa7+ Bxa7 41. f4 Ke7 42. g4 Kd6 43. Kf3 Kc5 1-0

[Event "Sibiria Region-ch"]
[Site "Novokuznetsk"]
[Date "2008.03.21"]
[Round "9"]
[White "Agafonov, Alexey"]
[Black "Chernov, M."]
[Result "1-0"]
[WhiteElo "2160"]
[BlackElo "2235"]
[PlyCount "85"]
[EventDate "2008.03.13"]
[EventType "swiss"]
[EventRounds "9"]
[EventCountry "RUS"]
[SourceTitle "CBM 123 Extra"]
[Source "ChessBase"]
[SourceDate "2008.05.06"]
[SourceVersion "1"]
[SourceVersionDate "2008.05.06"]
[SourceQuality "1"]

1. Nf3 Nf6 2. d4 e6 3. c4 b6 4. g3 Bb7 5. Bg2 Be7 6. 0-0 0-0 7. Nc3 Ne4 8. Qc2 Nxc3 9. bxc3 f5 10. d5 Na6 11. Nd4 Nc5 12. Ba3 Qc8 13. dxe6 Bxg2 14. Kxg2 dxe6 15. f3 e5 16. Nb3 Qa6 17. Bxc5 Bxc5 18. e4 Qxc4 19. exf5 Be7 20. Rae1 Bf6 21. Nd2 Qd5 22. Ne4 Rad8 23. Rd1 Qc4 24. Rf2 Be7 25. g4 Rxd1 26. Qxd1 Rd8 27. Qc1 b5 28. Rd2 b4 29. Rxd8+ Bxd8 30. Qd2 Be7 31. cxb4 Bxb4 32. Qb2 a5 33. Qb3 Qxb3 34. axb3 c5 35. Nd6 Kf8 36. Nc4 Bc3 37. Kf2 Ke7 38. Ke3 Kf6 39. Ke4 g5 40. Kd5 h5 41. h3 hxg4 42. hxg4 Bd4 43. Nxa5 1-0

[Event "Sibiria Region-ch"]
[Site "Novokuznetsk"]
[Date "2008.03.20"]
[Round "8"]
[White "Volodarsky, Yury Aleksandrovic"]
[Black "Agafonov, Alexey"]
[Result "1-0"]
[WhiteElo "2261"]
[BlackElo "2160"]
[PlyCount "95"]
[EventDate "2008.03.13"]
[EventType "swiss"]
[EventRounds "9"]
[EventCountry "RUS"]
[SourceTitle "CBM 123 Extra"]
[Source "ChessBase"]
[SourceDate "2008.05.06"]
[SourceVersion "1"]
[SourceVersionDate "2008.05.06"]
[SourceQuality "1"]

1. e4 c5 2. Nf3 d6 3. d4 cxd4 4. Nxd4 Nf6 5. Nc3 a6 6. Bc4 e6 7. Bb3 Be7 8. f4 0-0 9. Be3 Nc6 10. 0-0 Re8 11. Qe2 Qc7 12. f5 Nxd4 13. Bxd4 b5 14. fxe6 Bxe6 15. Qf3 Bd8 16. Kh1 Qb7 17. Nd5 Bxd5 18. exd5 Qd7 19. c3 Ng4 20. a4 Bf6 21. Bxf6 Nxf6 22. axb5 axb5 23. Rxa8 Rxa8 24. h3 Re8 25. Rd1 Re5 26. Qd3 Ne4 27. Qd4 Qf5 28. Ra1 g6 29. Ra8+ Kg7 30. Re8 Qf6 31. Kh2 Qf4+ 32. Kg1 h5 33. Rxe5 dxe5 34. Qd1 Qe3+ 35. Kh2 Qg3+ 36. Kg1 Qf2+ 37. Kh2 Ng3 38. d6 Nf1+ 39. Kh1 Ne3 40. Qg1 Qd2 41. d7 Nf5 42. Qd1 Ng3+ 43. Kh2 Qf4 44. d8Q Ne4+ 45. Kh1 Nf2+ 46. Kg1 Qe3 47. Qf3 Qe1+ 48. Kh2 1-0

[Event "Sibiria Region-ch"]
[Site "Novokuznetsk"]
[Date "2008.03.19"]
[Round "7"]
[White "Agafonov, Alexey"]
[Black "Medvedev, Emelian"]
[Result "1-0"]
[WhiteElo "2160"]
[BlackElo "2013"]
[PlyCount "69"]
[EventDate "2008.03.13"]
[EventType "swiss"]
[EventRounds "9"]
[EventCountry "RUS"]
[SourceTitle "CBM 123 Extra"]
[Source "ChessBase"]
[SourceDate "2008.05.06"]
[SourceVersion "1"]
[SourceVersionDate "2008.05.06"]
[SourceQuality "1"]

1. Nf3 d5 2. g3 Bg4 3. Ne5 Bf5 4. d4 Nd7 5. Bg2 c6 6. 0-0 e6 7. c4 Ngf6 8. Nc3 Be7 9. Qb3 Qb6 10. Nxd7 Nxd7 11. e4 dxe4 12. Nxe4 Bxe4 13. Bxe4 Qxd4 14. Qxb7 0-0 15. Bxc6 Ne5 16. Be3 Qg4 17. h3 Qh5 18. Bg2 Ng6 19. Qb5 Qxb5 20. cxb5 Rab8 21. Bc6 Ne5 22. Rab1 Nxc6 23. bxc6 Rfc8 24. Rfc1 a5 25. b3 h6 26. Rc4 Rb4 27. Rbc1 Kf8 28. Bd2 Rb5 29. Ra4 Bc5 30. Rxa5 Rxa5 31. Bxa5 Rxc6 32. Rxc5 Rd6 33. Rc8+ Ke7 34. Bb4 Kd7 35. Bxd6 1-0

[Event "Sibiria Region-ch"]
[Site "Novokuznetsk"]
[Date "2008.03.18"]
[Round "6"]
[White "Sambursky, Vladimir"]
[Black "Agafonov, Alexey"]
[Result "1-0"]
[WhiteElo "2263"]
[BlackElo "2160"]
[PlyCount "157"]
[EventDate "2008.03.13"]
[EventType "swiss"]
[EventRounds "9"]
[EventCountry "RUS"]
[SourceTitle "CBM 123 Extra"]
[Source "ChessBase"]
[SourceDate "2008.05.06"]
[SourceVersion "1"]
[SourceVersionDate "2008.05.06"]
[SourceQuality "1"]

1. c4 c5 2. Nc3 b6 3. Nf3 Bb7 4. d4 cxd4 5. Nxd4 Nf6 6. Bg5 d6 7. Bxf6 gxf6 8. e4 Nd7 9. Ne6 Qc8 10. Qh5 Nc5 11. Nxf8 Rxf8 12. f3 Ne6 13. 0-0-0 Rh8 14. Kb1 Qc5 15. Nd5 Bxd5 16. Qxd5 Rc8 17. Qd2 Rg8 18. g3 Ng5 19. b4 Qc6 20. Be2 Qa4 21. Qb2 a5 22. Rd5 Qxb4 23. Qxb4 axb4 24. Rb5 Rb8 25. Rxb4 Kd7 26. Rd1 Kc7 27. Rd3 Ra8 28. Rdb3 Rgb8 29. Kb2 Ne6 30. Rd3 Nc5 31. Re3 Rb7 32. Bd1 Rba7 33. a3 e5 34. Ka2 Rg8 35. Rb2 Raa8 36. Rf2 Rae8 37. f4 Rg7 38. Bh5 Re7 39. Bd1 Rg6 40. h3 Rg7 41. fxe5 fxe5 42. Rf5 Ne6 43. h4 Nd4 44. Rf2 Kd8 45. g4 Rc7 46. Rb2 Rc6 47. g5 Ke7 48. Bb3 f6 49. Rg3 fxg5 50. hxg5 Ne6 51. Rbg2 Rc8 52. Rh2 Nxg5 53. Rh6 Rf8 54. c5 Rf2+ 55. Kb1 bxc5 56. Bd5 Rf3 57. Rhh3 Rxg3 58. Rxg3 h5 59. a4 h4 60. Rg1 h3 61. Rh1 Rh7 62. a5 Kf6 63. a6 Ra7 64. Bb7 Kg6 65. Kc2 Kh5 66. Kd3 Kh4 67. Ke3 Ne6 68. Kf3 c4 69. Rc1 Nc5 70. Bc8 Rc7 71. Bxh3 Nxa6 72. Bf1 Rf7+ 73. Ke3 Kg3 74. Be2 Nc5 75. Rxc4 Rf4 76. Bd1 Rf1 77. Be2 Ra1 78. Rc3 Re1 79. Kd2+ 1-0

[Event "Sibiria Region-ch"]
[Site "Novokuznetsk"]
[Date "2008.03.15"]
[Round "3"]
[White "Agafonov, Alexey"]
[Black "Spirin, Alexandr"]
[Result "1-0"]
[WhiteElo "2160"]
[BlackElo "1909"]
[PlyCount "69"]
[EventDate "2008.03.13"]
[EventType "swiss"]
[EventRounds "9"]
[EventCountry "RUS"]
[SourceTitle "CBM 123 Extra"]
[Source "ChessBase"]
[SourceDate "2008.05.06"]
[SourceVersion "1"]
[SourceVersionDate "2008.05.06"]
[SourceQuality "1"]

1. d4 Nf6 2. c4 e6 3. Nf3 b6 4. g3 Bb7 5. Bg2 d5 6. 0-0 Be7 7. Nc3 0-0 8. Ne5 Nbd7 9. Qa4 c5 10. Nxd7 Nxd7 11. cxd5 cxd4 12. Qxd4 Bf6 13. Qd1 Bxc3 14. bxc3 Bxd5 15. Bxd5 exd5 16. Qxd5 Nc5 17. Qf3 Qe7 18. Rd1 Rfe8 19. Be3 Rad8 20. Bd4 h6 21. e3 Ne4 22. Qg4 Ng5 23. h4 Ne6 24. a4 Rd5 25. c4 Rd6 26. a5 Red8 27. axb6 axb6 28. Qe4 Qd7 29. Ra8 Rxa8 30. Qxa8+ Kh7 31. Qe4+ g6 32. Qe5 Qd8 33. h5 g5 34. Rd2 Nxd4 35. Rxd4 1-0